|
|
|
|
| LEADER |
00000nam a22000007a 4500 |
| 005 |
20180220232247.0 |
| 007 |
cr|||| ||| |
| 008 |
180220s2015 es |||||s|||| 00||0 spa d |
| 020 |
|
|
|a 978-84-15923-97-8
|
| 035 |
|
|
|a 14855
|
| 040 |
|
|
|a vLex
|
| 090 |
|
|
|c 7389
|d 7389
|
| 100 |
1 |
|
|a Falguera Bar,̤ Miquel ℓngel
|
| 245 |
1 |
2 |
|a La externalizacin̤ y sus lm̕ites
|h [Recurso electrn̤ico] :
|b Reflexiones sobre la doctrina judicial y el marco normativo. Propuestas de regulacin̤ /
|c Miquel ℓngel Falguera Bar̤
|
| 256 |
|
|
|a Servicio en ln̕ea
|
| 260 |
|
|
|a Albacete:
|b Editorial Bomarzo,
|c 2015
|
| 300 |
|
|
|a 1 recurso electrn̤ico
|
| 506 |
1 |
|
|a Disponible solo en los productos indicados
|d vLex Global
|d vLex Global (Academic Edition, excluding Law Schools)
|d vLex Global (U.S. Academic Edition, Law Schools)
|d vLex Global (U.S. Academic Edition, excluding Law Schools)
|d vLex Global (Academic Edition, Law Schools)
|
| 650 |
0 |
4 |
|a Derecho Laboral y Seguridad Social
|z Espaą
|
| 650 |
0 |
4 |
|a Derecho Pb︢lico y Administrativo
|z Espaą
|
| 740 |
0 |
|
|a vLex Libros (Servicio en ln̕ea)
|
| 856 |
4 |
0 |
|u http://vlex.com/source/externalizacion-y-sus-limites-reflexiones-sobre-la-doctrina-judicial-y-el-marco-normativo-propuestas-de-regulacion-14855
|z Acceso restringido
|
| 942 |
|
|
|c BOOK
|
| 999 |
0 |
|
|a Labor Law and Social Security
|
| 999 |
0 |
|
|a Public and Administrative Law
|